000 00691nam a22002417a 4500
003 UA-OsUOA
001 81234
007 ta
008 20110123b un ||||| |||| 00| 0 ukr d
100 _aБажан М.
090 _a821.161.2
_bБ16
942 _cBK
040 _aUA-OsUOA
_bukr
_cUA-OsUOA
_dUA-OsUOA
245 _aВибрані твори у двох томах
_b1
_cВірші та поеми
300 _a608 с.
955 _a3
041 _aukr
080 _a821.161.2
020 _a966-7492-16-8
260 _aК.
_b"УКРАЇНСЬКА ЕНЦИКЛОПЕДІЯ"
_c2003
650 7 _a82 Література. Літературознавство
_2UDC
999 _c367548
_d367548